000 00512nam a22001697i 4500
020 _a971725088
050 1 4 _aQA 159
_bT137
100 _aTalamayan, Cecil Lelis
245 _aCollege algebra
_cCecil Lelis Talamayan, Crizaldy P. Binarao
264 1 _aMakati City:
_bGrandwater publishing ,
_c2002.
300 _a357 pages;
_c26 cm.
336 _atext
_btxt
_2rdacontent
337 _aunmediated
_bn
_2rdamedia
338 _avolume
_bnc
_2rdacarrier
650 _a1.Algebra. I.Binarao, Crizaldy P. I.Title
942 _cF
999 _c4052
_d4052